Introducción a la informática y los sistemas de información administrativos

محفوظ في:
التفاصيل البيبلوغرافية
المؤلفون الرئيسيون: Barros V., Oscar (مؤلف), Holgado S. M., Antonio (مؤلف), Pérez V., Víctor L (مؤلف)
التنسيق: كتاب
اللغة:الإسبانية
منشور في: Santiago Universitaria 1984
الطبعة:8a. ed
الموضوعات:
الوسوم: إضافة وسم
لا توجد وسوم, كن أول من يضع وسما على هذه التسجيلة!

MARC

LEADER 00000nam a2200000 a 4500
001 UCR9450
003 CL-VaPUC
008 980613e19840000CL |||||||||||||||||spa|d
082 0 4 |a 004  |b BAR  |2 21 
100 0 |a Barros V., Oscar  |e author  |9 412012 
700 0 |a Holgado S. M., Antonio  |e author  |9 412013 
700 0 |a Pérez V., Víctor L  |e author  |9 412014 
245 1 0 |a Introducción a la informática y los sistemas de información administrativos 
250 |a 8a. ed 
300 |a 147 p 
942 |c BK 
945 |d 19980613 00:00:00  |a crobeson 
260 |a Santiago  |b Universitaria  |c 1984 
650 7 |a SISTEMAS DE ALMACENAMIENTO Y RECUPERACION DE INFORMACIONADMINISTRACION  |2 CL-VaPUC  |9 260040 
650 0 |a Sistemas de información en administración  |9 260041 
583 |a last modification  |c 19980613 00:00:00  |k Rodrigo Vera 
999 |c 270644  |d 270642 
952 |0 0  |1 0  |4 0  |6 004_000000000000000_BAR_1984  |7 0  |8 A  |9 305008  |a BIBENE  |b BIBENE  |d 2019-11-20  |i 1413503  |o 004 BAR 1984  |p 1413503  |r 2025-01-15  |w 2019-11-20  |y BK  |k ICO